<?xml version="1.0" encoding="UTF-8"?>
<record
    xmlns:xsi="http://www.w3.org/2001/XMLSchema-instance"
    xsi:schemaLocation="http://www.loc.gov/MARC21/slim http://www.loc.gov/standards/marcxml/schema/MARC21slim.xsd"
    xmlns="http://www.loc.gov/MARC21/slim">

  <leader>00846nam a22001577a 4500</leader>
  <controlfield tag="003">OSt</controlfield>
  <controlfield tag="005">20151009090313.0</controlfield>
  <controlfield tag="008">151009b        xxu||||| |||| 00| 0 eng d</controlfield>
  <datafield tag="040" ind1=" " ind2=" ">
    <subfield code="c">RUA </subfield>
  </datafield>
  <datafield tag="082" ind1=" " ind2=" ">
    <subfield code="a">AVM LY 2008 B084 Or.1</subfield>
  </datafield>
  <datafield tag="100" ind1=" " ind2=" ">
    <subfield code="9">2411</subfield>
    <subfield code="a">LY TITVICHEKA</subfield>
  </datafield>
  <datafield tag="245" ind1=" " ind2=" ">
    <subfield code="a">The effecxt of using kapok nut as feed concentrate on broiler avian growth in experimental station of riyal university of agriculture, (&#x1794;&#x17D2;&#x179A;&#x179F;&#x17B7;&#x1791;&#x17D2;&#x1792;&#x1797;&#x17B6;&#x1796;&#x1793;&#x17C3;&#x1780;&#x17B6;&#x179A;&#x1794;&#x17D2;&#x179A;&#x17BE;&#x1794;&#x17D2;&#x179A;&#x17B6;&#x179F;&#x17CB;&#x1782;&#x17D2;&#x179A;&#x17B6;&#x1794;&#x17CB;&#x1782;&#x1787;&#x17B6;&#x1785;&#x17C6;&#x178E;&#x17B8;&#x1795;&#x17D2;&#x179F;&#x17C6;&#x179B;&#x17BE;&#x1780;&#x17B6;&#x179A;&#x179B;&#x17BC;&#x178F;&#x179B;&#x17B6;&#x179F;&#x17CB;&#x1798;&#x17B6;&#x1793;&#x17CB;&#x179F;&#x17B6;&#x1785;&#x17CB;&#x1796;&#x17BC;&#x1787; AVIAN &#x1793;&#x17C5;&#x179F;&#x17D2;&#x1790;&#x17B6;&#x1793;&#x17B8;&#x1799;&#x17CD;&#x1796;&#x17B7;&#x179F;&#x17C4;&#x1792;&#x1793;&#x17CD; &#x1793;&#x17C3;&#x179F;&#x17B6;&#x1780;&#x179B;&#x179C;&#x17B7;&#x1791;&#x17D2;&#x1799;&#x17B6;&#x179B;&#x17D0;&#x1799;&#x1797;&#x17BC;&#x1798;&#x17B7;&#x1793;&#x17D2;&#x1791;&#x1780;&#x179F;&#x17B7;&#x1780;&#x1798;&#x17D2;&#x1798;)</subfield>
  </datafield>
  <datafield tag="260" ind1=" " ind2=" ">
    <subfield code="a">phnom penh </subfield>
    <subfield code="b">rua </subfield>
    <subfield code="c">2008</subfield>
  </datafield>
  <datafield tag="300" ind1=" " ind2=" ">
    <subfield code="a">x, 45p.</subfield>
    <subfield code="b">ill.</subfield>
    <subfield code="c">29cm.</subfield>
  </datafield>
  <datafield tag="942" ind1=" " ind2=" ">
    <subfield code="2">ddc</subfield>
    <subfield code="c">AVM</subfield>
  </datafield>
  <datafield tag="999" ind1=" " ind2=" ">
    <subfield code="c">2268</subfield>
    <subfield code="d">2268</subfield>
  </datafield>
  <datafield tag="952" ind1=" " ind2=" ">
    <subfield code="0">0</subfield>
    <subfield code="1">0</subfield>
    <subfield code="2">ddc</subfield>
    <subfield code="4">0</subfield>
    <subfield code="6">AVM_LY_2008_000000000000000_B084_OR_1</subfield>
    <subfield code="7">0</subfield>
    <subfield code="9">9554</subfield>
    <subfield code="a">LBB</subfield>
    <subfield code="b">LBB</subfield>
    <subfield code="c">B084</subfield>
    <subfield code="d">2015-10-09</subfield>
    <subfield code="l">2</subfield>
    <subfield code="o">AVM LY 2008 B084 Or.1</subfield>
    <subfield code="p">RUA008636</subfield>
    <subfield code="r">2020-08-07</subfield>
    <subfield code="s">2020-07-29</subfield>
    <subfield code="w">2015-10-09</subfield>
    <subfield code="y">AVM</subfield>
  </datafield>
  <datafield tag="952" ind1=" " ind2=" ">
    <subfield code="0">0</subfield>
    <subfield code="1">0</subfield>
    <subfield code="2">ddc</subfield>
    <subfield code="4">0</subfield>
    <subfield code="6">AVM_LY_2008_000000000000000_B084_OR_2</subfield>
    <subfield code="7">0</subfield>
    <subfield code="9">9555</subfield>
    <subfield code="a">LBB</subfield>
    <subfield code="b">LBB</subfield>
    <subfield code="c">B084</subfield>
    <subfield code="d">2015-10-09</subfield>
    <subfield code="o">AVM LY 2008 B084 Or.2</subfield>
    <subfield code="p">RUA007751</subfield>
    <subfield code="r">2015-10-09</subfield>
    <subfield code="w">2015-10-09</subfield>
    <subfield code="y">AVM</subfield>
  </datafield>
  <datafield tag="952" ind1=" " ind2=" ">
    <subfield code="0">0</subfield>
    <subfield code="1">0</subfield>
    <subfield code="2">ddc</subfield>
    <subfield code="4">0</subfield>
    <subfield code="6">AVM_LY_2008_000000000000000_B084_OR_3</subfield>
    <subfield code="7">0</subfield>
    <subfield code="9">9556</subfield>
    <subfield code="a">LBB</subfield>
    <subfield code="b">LBB</subfield>
    <subfield code="c">B084</subfield>
    <subfield code="d">2015-10-09</subfield>
    <subfield code="o">AVM LY 2008 B084 Or.3</subfield>
    <subfield code="p">RUA007727</subfield>
    <subfield code="r">2015-10-09</subfield>
    <subfield code="w">2015-10-09</subfield>
    <subfield code="y">AVM</subfield>
  </datafield>
  <datafield tag="952" ind1=" " ind2=" ">
    <subfield code="0">0</subfield>
    <subfield code="1">0</subfield>
    <subfield code="2">ddc</subfield>
    <subfield code="4">0</subfield>
    <subfield code="6">AVM_LY_2008_000000000000000_B084_OR_4</subfield>
    <subfield code="7">0</subfield>
    <subfield code="9">9557</subfield>
    <subfield code="a">LBB</subfield>
    <subfield code="b">LBB</subfield>
    <subfield code="c">B084</subfield>
    <subfield code="d">2015-10-09</subfield>
    <subfield code="o">AVM LY 2008 B084 Or.4</subfield>
    <subfield code="p">RUA007679</subfield>
    <subfield code="r">2015-10-09</subfield>
    <subfield code="w">2015-10-09</subfield>
    <subfield code="y">AVM</subfield>
  </datafield>
  <datafield tag="952" ind1=" " ind2=" ">
    <subfield code="0">0</subfield>
    <subfield code="1">0</subfield>
    <subfield code="2">ddc</subfield>
    <subfield code="4">0</subfield>
    <subfield code="6">AVM_LY_2008_000000000000000_B084_OR_5</subfield>
    <subfield code="7">0</subfield>
    <subfield code="9">9558</subfield>
    <subfield code="a">LBB</subfield>
    <subfield code="b">LBB</subfield>
    <subfield code="c">B084</subfield>
    <subfield code="d">2015-10-09</subfield>
    <subfield code="l">1</subfield>
    <subfield code="o">AVM LY 2008 B084 Or.5</subfield>
    <subfield code="p">RUA009966</subfield>
    <subfield code="r">2018-11-13</subfield>
    <subfield code="s">2018-11-12</subfield>
    <subfield code="w">2015-10-09</subfield>
    <subfield code="y">AVM</subfield>
  </datafield>
  <datafield tag="952" ind1=" " ind2=" ">
    <subfield code="0">0</subfield>
    <subfield code="1">0</subfield>
    <subfield code="2">ddc</subfield>
    <subfield code="4">0</subfield>
    <subfield code="6">AVM_LY_2008_000000000000000_B084_OR_6</subfield>
    <subfield code="7">0</subfield>
    <subfield code="9">9559</subfield>
    <subfield code="a">LBB</subfield>
    <subfield code="b">LBB</subfield>
    <subfield code="c">B084</subfield>
    <subfield code="d">2015-10-09</subfield>
    <subfield code="o">AVM LY 2008 B084 Or.6</subfield>
    <subfield code="p">RUA025010</subfield>
    <subfield code="r">2015-10-09</subfield>
    <subfield code="w">2015-10-09</subfield>
    <subfield code="y">AVM</subfield>
  </datafield>
  <datafield tag="952" ind1=" " ind2=" ">
    <subfield code="0">0</subfield>
    <subfield code="1">0</subfield>
    <subfield code="2">ddc</subfield>
    <subfield code="4">0</subfield>
    <subfield code="6">AVM_LY_2008_000000000000000_B084_OR_7</subfield>
    <subfield code="7">0</subfield>
    <subfield code="9">9560</subfield>
    <subfield code="a">LBB</subfield>
    <subfield code="b">LBB</subfield>
    <subfield code="c">B084</subfield>
    <subfield code="d">2015-10-09</subfield>
    <subfield code="o">AVM LY 2008 B084 Or.7</subfield>
    <subfield code="p">RUA025437</subfield>
    <subfield code="r">2015-10-09</subfield>
    <subfield code="w">2015-10-09</subfield>
    <subfield code="y">AVM</subfield>
  </datafield>
  <datafield tag="952" ind1=" " ind2=" ">
    <subfield code="0">0</subfield>
    <subfield code="1">0</subfield>
    <subfield code="2">ddc</subfield>
    <subfield code="4">0</subfield>
    <subfield code="6">AVM_LY_2008_000000000000000_B084_OR_8</subfield>
    <subfield code="7">0</subfield>
    <subfield code="9">9561</subfield>
    <subfield code="a">LBB</subfield>
    <subfield code="b">LBB</subfield>
    <subfield code="c">B084</subfield>
    <subfield code="d">2015-10-09</subfield>
    <subfield code="l">1</subfield>
    <subfield code="o">AVM LY 2008 B084 Or.8</subfield>
    <subfield code="p">RUA025011</subfield>
    <subfield code="r">2016-03-15</subfield>
    <subfield code="s">2016-03-09</subfield>
    <subfield code="w">2015-10-09</subfield>
    <subfield code="y">AVM</subfield>
  </datafield>
</record>
